• 首页
  • 本馆介绍
  • 公告通知
  • 最新文献
  • 馆藏检索
  • 电子资源
  • 读者导购
  • 参考咨询
  • 我的图书馆
  • 登录
  • 详细信息显示
  • 放入我的书架
  • 预约/预借图书
  • 作者相关作品
  • 分类相关作品
  • 丛书相关作品
  • 出版社相关作品

书目信息

  • 表格格式
  • 工作单格式
  • 卡片格式
题名:
党员干部发展观政绩观人才观群众观学习读本
    
 
作者: 张荣臣 编著
分册:  
出版信息: 北京   人民日报出版社  2004
页数: 240页
开本: 20cm
丛书名:
单 册:
中图分类: D261.4
科图分类:
主题词: 中国共产党
电子资源:
ISBN: 7-80153-824-2
000 00647nam0 2200193 450
001 0736214208
005 20070710101512.50
010    @a7-80153-824-2@dCNY15.00
100    @a20070705d2004 km y0chiy0120 ea
101 0  @achi
102    @aCN@b110000
200 1  @a党员干部发展观政绩观人才观群众观学习读本@Adang yuan gan bu fa zhan guan zheng ji guan ren cai guan qun zhong guan xue xi du ben@f张荣臣等编著@Fzhang rong chen deng bian zhu
210    @a北京@c人民日报出版社@d2004
215    @a240页@d20cm
606 0  @a中国共产党
690    @aD261.4@v3
701  0 @a张荣臣@Azhang rong chen@4编著
801  0 @aCN@bPFT@c20070710
905    @a10447@dD261.4@e162
    
    党员干部发展观政绩观人才观群众观学习读本/张荣臣等编著.-北京:人民日报出版社,2004
    240页;20cm
    
    
    ISBN 7-80153-824-2:CNY15.00
    
●
相关链接 在E读中查询图书 在五车中查询图书 在当当中查询图书 在豆瓣中查询图书


正题名:党员干部发展观政绩观人才观群众观学习读本     索取号:D261.4/162         预约/预借

序号 登录号 条形码 馆藏地/架位号 状态 备注
1 0765201   207652011   第一样本阅览室/ [索取号:D261.4/162] 在馆    
唐山师范学院图书馆 欢迎您!
大连网信软件有限公司© 版权所有